| 000 | 01722nam a2200421Ii 4500 | ||
|---|---|---|---|
| 001 | 9781786350459 | ||
| 003 | UtOrBLW | ||
| 005 | 20210303085027.0 | ||
| 006 | m o d | ||
| 007 | cr un||||||||| | ||
| 008 | 170821s2017 enk ob 001 0 eng d | ||
| 020 |
_a9781786350459 _q(e-book) |
||
| 040 |
_aUtOrBLW _beng _erda _cUtOrBLW |
||
| 050 | 4 |
_aLB3605 _b.E38 2016 |
|
| 072 | 7 |
_aEDU042000 _2bisacsh |
|
| 072 | 7 |
_aDSA _2bicssc |
|
| 080 | _a378 | ||
| 082 | 0 | 4 |
_a378.198 _223 |
| 245 | 0 | 0 |
_aEducation and youth today / _cedited by Yasemin Besen-Cassino, Loretta E. Bass. |
| 264 | 1 | _bEmerald Publishing Limited, | |
| 300 | _a1 online resource (xvii, 317 pages). | ||
| 490 | 0 |
_aSociologocial studies of children and youth ; _vvolume 20 |
|
| 500 | _aIncludes index. | ||
| 504 | _aIncludes bibliographical references. | ||
| 505 | 0 | _aEducation and youth today -- Sociological studies of children and youth -- Education and youth today -- Copyright page -- List of contributors -- Editorial board -- Introduction: youth and education in a rapidly changing world -- Part I: Inequalities in education -- Part II: Bullying -- Part III: Lived experience of education -- About the Authors. | |
| 588 | 0 | _aPrint version record | |
| 650 | 0 | _aStudents. | |
| 650 | 7 |
_aEducation, Essays. _2bisacsh |
|
| 650 | 7 |
_aLiterary theory. _2bicssc |
|
| 700 | 1 |
_aBesen-Cassino, Yasemin, _eeditor. |
|
| 700 | 1 |
_aBass, Loretta Elizabeth, _eeditor. |
|
| 776 | _z9781786350466 | ||
| 856 | 4 | 0 | _uhttps://www.emerald.com/insight/publication/doi/10.1108/S1537-4661201620 |
| 999 |
_c30521 _d30521 |
||